Follow That Lyric: The Sound of Music Quiz Stats

 Plays Quiz Updated Oct 28, 2016

Also try: Do-Re-Mi
Challenge
Share
Tweet
Embed
Score 0/32 Timer 08:00
22 Plays Today
% Correct
Fa - a long long way to run.
90.4%
I simply remember my favorite things and then I don't feel so bad.
89.1%
These are a few of my favorite things.
88.6%
Snowflakes that stay on my nose and eyelashes.
87.7%
Layee odelayee, odeloo.
86.5%
You can sing most anything!
86.4%
How do you catch a cloud and pin it down?
86.2%
Bloom and grow forever.
84.5%
With songs they have sung, for a thousand years.
83.2%
But somewhere in my wicked miserable past there must have been a moment of truth.
82.4%
And the bells in the steeple too.
81.3%
I must have done something good.
81.1%
I flit, I float, I fleetly flee, I fly.
79.7%
Your life little girl is an empty page that men will want to write on.
79.6%
Timid and shy and scared are you of things beyond your ken.
79.4%
Follow every rainbow till you find your dream.
79.1%
% Correct
I hate to go and leave this pretty sight.
77.4%
And whistles on the stair.
77%
Every day of your life for as long as you live.
75.6%
Follow every byway, every path you know.
75.4%
Bless my homeland forever.
72.1%
They'll have to agree, I have confidence in me.
71.4%
On an obvious and simple fact of science?
70.6%
To sing through the night, like a lark who is learning to pray.
70.5%
What's so fearsome about that?
69%
I cannot die like Camille for you. How can love survive?
66%
You look happy to meet me.
65.2%
For one more lovely thing that the hills might say.
63.9%
Oh, what's the matter with me?
63.1%
I'll do better than my best!
62.9%
For all I want of living is to keep you close to me.
59.8%
Warmed by a glow of insolvency.
50.7%

You're not logged in!

Compare scores with friends on all Sporcle quizzes.
Join for Free
OR
Log In

You Might Also Like...

Show Comments

Extras

Top Quizzes Today


Score Distribution

Your Account Isn't Verified!

In order to create a playlist on Sporcle, you need to verify the email address you used during registration. Go to your Sporcle Settings to finish the process.

Report this User

Report this user for behavior that violates our Community Guidelines.

Details: